[Event "World Rapid Women 2025"]
[Site "Doha QAT"]
[Date "2025.12.27"]
[Round "8.27"]
[White "Buksa, Nataliya"]
[Black "Pham, Le Thao Nguyen"]
[Result "1/2-1/2"]
[WhiteTitle "IM"]
[BlackTitle "IM"]
[WhiteElo "2397"]
[BlackElo "2348"]
[WhiteFideId "14123622"]
[BlackFideId "12401226"]
[EventDate "2025.12.26"]

1. d4 d5 2. Nf3 Nf6 3. e3 c6 4. c4 Bf5 5. Nc3 e6 6. Nh4 Bg6 7. Be2 Bd6 8. g3
Nbd7 9. O-O O-O 10. Nxg6 hxg6 11. b3 Qe7 12. Bb2 Rfd8 13. Qc2 Rac8 14. Rad1 Bb4
15. Nb1 e5 16. dxe5 Nxe5 17. Nd2 Neg4 18. Bf3 Ne5 19. Be2 Neg4 20. Bf3 Ne5 21.
Bg2 Bxd2 22. Rxd2 dxc4 23. Rxd8+ Rxd8 24. bxc4 Qe6 25. Rc1 Nfd7 26. Bd4 b6 27.
Qe4 c5 28. Bb2 Re8 29. f4 Ng4 30. Qxe6 Rxe6 31. e4 Rd6 32. Bc3 Ne3 33. e5 Rd1+
34. Rxd1 Nxd1 35. Bd2 Nb2 36. Bd5 Kf8 37. Kf1 Nd3 38. a3 b5 39. cxb5 Nb6 40. Be4
Nb2 41. Ke2 Ke7 42. Be3 N2a4 43. Kd3 Ke6 44. Bf2 g5 45. Kc2 Nc4 46. Bc6 gxf4 47.
gxf4 Kf5 48. Bg3 Nab6 49. Kb3 Nd2+ 50. Kc3 Ne4+ 51. Bxe4+ Kxe4 52. a4 Nxa4+ 53.
Kc4 g6 54. h4 Kf3 55. Bh2 Ke4 56. Bg3 Kf3 57. Bh2 1/2-1/2

[Event "World Rapid Women 2025"]
[Site "Doha QAT"]
[Date "2025.12.27"]
[Round "8.28"]
[White "Preobrazhenskaya, Diana"]
[Black "Berend, Elvira"]
[Result "1/2-1/2"]
[WhiteTitle "WFM"]
[BlackTitle "WGM"]
[WhiteElo "2131"]
[BlackElo "2265"]
[WhiteFideId "34270566"]
[BlackFideId "4000510"]
[EventDate "2025.12.26"]

1. e4 c5 2. Nf3 e6 3. d4 cxd4 4. Nxd4 Nc6 5. Nc3 a6 6. Be3 Nf6 7. a3 Qa5 8. Nxc6
dxc6 9. Bd3 e5 10. h3 b5 11. f4 Qc7 12. f5 Bb7 13. g4 h6 14. Qf3 c5 15. Nd5 Bxd5
16. exd5 e4 17. Bxe4 Qe5 18. Bd3 Qxd5 19. Qxd5 Nxd5 20. Bf2 O-O-O 21. O-O-O Bd6
22. c4 Nc7 23. Kc2 Rhe8 24. Rhe1 Rxe1 25. Rxe1 Kd7 26. Rd1 Kc8 27. Bf1 Be7 28.
Re1 Bd6 29. Re4 Kd7 30. b4 cxb4 31. c5 b3+ 32. Kxb3 Be7 33. c6+ Ke8 34. Bc5 Nd5
35. Bg2 Kf8 36. Rxe7 Nxe7 37. c7 Rc8 38. Bd6 Ke8 39. Bb7 Kd7 40. Bxc8+ Nxc8 41.
Bf8 g6 42. Bxh6 Kxc7 43. Bg7 Kc6 44. h4 Nd6 45. f6 a5 46. h5 gxh5 47. gxh5 Ne4
48. h6 Ng5 49. Kc3 Kd5 50. Kd3 Ke5 51. Ke3 Nh7 52. Kd3 Kd5 53. Kc3 Kc5 54. Kb3
Kd4 55. Bh8 Kc5 56. Kc3 b4+ 57. axb4+ axb4+ 58. Kb3 Kb5 59. Bg7 Kc5 60. Bh8 1/2-1/2

[Event "World Rapid Women 2025"]
[Site "Doha QAT"]
[Date "2025.12.27"]
[Round "8.29"]
[White "Mammadova, Gulnar"]
[Black "Kairbekova, Amina"]
[Result "0-1"]
[WhiteTitle "IM"]
[BlackTitle "WGM"]
[WhiteElo "2330"]
[BlackElo "2353"]
[WhiteFideId "13403508"]
[BlackFideId "13712799"]
[EventDate "2025.12.26"]

1. e4 c5 2. Nf3 e6 3. d4 cxd4 4. Nxd4 Nf6 5. Nc3 Nc6 6. Be2 Bb4 7. Nxc6 bxc6 8.
O-O d5 9. e5 Nd7 10. f4 a5 11. Be3 Ba6 12. Bxa6 Rxa6 13. f5 Bc5 14. Bxc5 Nxc5
15. Qe2 exf5 16. e6 fxe6 17. Na4 Qe7 18. Nxc5 Qxc5+ 19. Kh1 Ra7 20. Qxe6+ Kd8
21. Qxf5 Re7 22. a3 Rhe8 23. h3 g6 24. Qf4 Kd7 25. b4 Qd6 26. Qg4+ Qe6 27. Qd4
Qe3 28. Qg4+ Qe6 29. Qf3 Qe3 30. Qg4+ Qe6 31. Qxe6+ Rxe6 32. bxa5 Ra8 33. Rab1
Rxa5 34. Rb7+ Kd6 35. Rf3 h5 36. Rg7 h4 37. g3 Rc5 38. c3 Ra5 39. gxh4 Rxa3 40.
Kg2 Kc5 41. Rg3 Re2+ 42. Kf3 Rxc3+ 43. Kxe2 Rxg3 44. h5 Rxh3 45. hxg6 Rg3 46.
Rg8 Kd4 47. Kf2 Rg5 48. Kf3 c5 49. Kf4 Rg1 50. Kf5 c4 51. Rh8 c3 0-1

[Event "World Rapid Women 2025"]
[Site "Doha QAT"]
[Date "2025.12.27"]
[Round "8.30"]
[White "Nurgaliyeva, Zarina"]
[Black "Yu, Jennifer"]
[Result "1-0"]
[WhiteTitle "WIM"]
[BlackTitle "FM"]
[WhiteElo "2305"]
[BlackElo "2276"]
[WhiteFideId "13730096"]
[BlackFideId "2078341"]
[EventDate "2025.12.26"]

1. e4 e5 2. Nf3 Nc6 3. Nc3 Nf6 4. Bb5 d6 5. d4 exd4 6. Nxd4 Bd7 7. Bxc6 bxc6 8.
Qf3 c5 9. Nf5 Bxf5 10. Qxf5 g6 11. Qf3 Bg7 12. e5 Nd7 13. exd6 cxd6 14. Bg5 f6
15. Be3 O-O 16. Qd5+ Kh8 17. Qxd6 f5 18. Rd1 f4 19. Bxf4 Qe8+ 20. Be3 Ne5 21.
O-O Nc4 22. Qxc5 Nxb2 23. Rb1 Rc8 24. Qb4 Rxc3 25. Bd4 Rxc2 26. Rxb2 Rc7 27.
Bxg7+ Kxg7 28. Qd4+ Kg8 29. h4 Qf7 30. h5 Rc4 31. Qe5 Rh4 32. hxg6 hxg6 33. f3
Rh5 34. Qe4 Qh7 35. Rb7 Qh6 36. Qc4+ Kh8 37. Qc3+ Kg8 38. Kf2 a5 39. Rd1 Rhf5
40. Qc4+ Kh8 41. Qc3+ Kg8 42. Qc4+ Kh8 43. Rd4 Rxf3+ 44. gxf3 Qh2+ 45. Ke3 Qg1+
46. Kd2 Qf2+ 47. Kc1 Qe1+ 48. Rd1 Qe3+ 49. Kb1 Qxf3 50. Qh4+ 1-0

[Event "World Rapid Women 2025"]
[Site "Doha QAT"]
[Date "2025.12.27"]
[Round "8.31"]
[White "Padmini, Rout"]
[Black "Rakshitta, Ravi"]
[Result "1-0"]
[WhiteTitle "IM"]
[BlackTitle "WGM"]
[WhiteElo "2354"]
[BlackElo "2381"]
[WhiteFideId "5029295"]
[BlackFideId "25073230"]
[EventDate "2025.12.26"]

1. e4 e6 2. d4 d5 3. Nd2 dxe4 4. Nxe4 Nd7 5. Nf3 Ngf6 6. Bd3 Nxe4 7. Bxe4 c5 8.
O-O Nf6 9. Bg5 cxd4 10. Nxd4 Be7 11. Bf3 O-O 12. a4 a6 13. Re1 Qc7 14. Qe2 Ng4
15. Bxg4 Bxg5 16. c3 Bd7 17. Bf3 Bf6 18. Nc2 Bc6 19. Red1 Rfd8 20. Bxc6 Qxc6 21.
Ne3 Rxd1+ 22. Qxd1 Rd8 23. Qc2 Qb6 24. Rd1 Rxd1+ 25. Nxd1 g6 26. g3 h5 27. h4
Kg7 28. Ne3 Qc6 29. Qd1 Qe4 30. Qc2 Qc6 31. Qd1 Be5 32. Kf1 Bc7 33. Qd4+ Kg8 34.
Ke2 Bb6 35. Qc4 Qd7 36. Nf1 Ba7 37. Nd2 b5 38. axb5 axb5 39. Qf4 Qe7 40. Qe5 Qc5
41. Qxc5 Bxc5 42. b4 Be7 43. Nf3 Bf6 44. Kd3 Kf8 45. Nd4 Ke7 46. Nxb5 e5 47. c4
Bg7 48. c5 f5 49. Kc4 Ke6 50. Nc7+ Kd7 51. Nd5 Bh6 52. b5 g5 53. b6 Kc6 54. Ne7+
Kd7 55. Nxf5 gxh4 56. gxh4 Bd2 57. Kd5 Be1 58. c6+ Kc8 59. Nd6+ 1-0

[Event "World Rapid Women 2025"]
[Site "Doha QAT"]
[Date "2025.12.27"]
[Round "8.32"]
[White "Bivol, Alina"]
[Black "Omonova, Umida"]
[Result "1/2-1/2"]
[WhiteTitle "IM"]
[BlackTitle "WIM"]
[WhiteElo "2360"]
[BlackElo "2294"]
[WhiteFideId "4100123"]
[BlackFideId "14210363"]
[EventDate "2025.12.26"]

1. e4 e5 2. Nf3 Nc6 3. Nc3 Nf6 4. h3 d5 5. Bb5 Nxe4 6. O-O Bd6 7. Nxd5 Be6 8.
Ne3 O-O 9. Bxc6 bxc6 10. d4 exd4 11. Nxd4 Bd7 12. Nef5 Be5 13. Nxc6 Bxf5 14.
Nxd8 Raxd8 15. Qf3 Bg6 16. Rd1 Rb8 17. Re1 Rfe8 18. c3 Bf6 19. Bf4 Rxb2 20. Bxc7
h5 21. Rab1 Rxa2 22. Rb8 Rxb8 23. Bxb8 Rxf2 24. Qd1 Rd2 25. Qa4 Nxc3 26. Qe8+
Kh7 27. Bxa7 Nd5 28. Qb8 Bf5 29. Bf2 Rd3 30. Re8 Kg6 31. Re1 Kh7 32. Qb7 Kg6 33.
Qc6 Kh7 34. Qa4 Nc3 35. Qf4 Bg6 36. Qc4 Nd5 37. Qc1 Nc3 38. Bb6 Nd5 39. Ba7 Rc3
40. Qd2 Rd3 41. Qe2 Nf4 42. Qf1 Nd5 43. Rd1 Rxd1 44. Qxd1 Nc3 45. Qe1 Ne4 46.
Be3 Bc3 47. Qe2 Bf6 48. g4 hxg4 49. Qxg4 Be5 50. h4 Nf6 51. Qf3 Nh5 52. Bg5 Bg3
53. Qg4 Be5 54. Kf2 Bd6 55. Qd4 Bb8 56. Kf3 Bc7 57. Be7 Bf4 58. Qd5 Bc7 59. Bb4
Bg3 60. Qd4 Bf4 61. Bc3 Bc7 62. Qc5 Bg3 63. Qb4 Bf4 64. Kg4 Bc7 65. Qc5 Bf4 66.
Qf8 Bc7 67. Bd4 Bf4 68. Kf3 Bc7 69. Bc3 Bf4 70. Qd8 Bg3 71. Kg4 Bf4 72. Qa5 Bd6
73. Bd4 Bf4 74. Qc3 Bd6 75. Kf3 Be7 76. Qe1 Bd8 77. Be5 Bb6 78. Qb4 Bd8 79. Ke3
Nf6 80. Qc4 Bb6+ 81. Kd2 Nh5 82. Kc3 Bf2 83. Kb4 Bb6 84. Kb5 Bf2 85. Kc6 Be3 86.
Kd7 Bf2 87. Ke7 Be3 88. Kf8 Bh6 89. Qd4 Nf6 90. Bxf6 gxf6+ 91. Ke7 Bg7 92. Qd1
Kh6 93. Qd2+ Kh7 94. Qe2 Kh6 95. Qg4 Bh5 96. Qf4+ Kh7 97. Qe3 Bg6 98. Qc5 Kh6
99. Qd5 Bh5 100. Qd2+ Kh7 101. Kd6 Kg6 102. Kd5 Kh7 103. Ke4 Bg6+ 104. Kf3 Bh5+
105. Kg3 Kg6 106. Qd5 Kh6 107. Kf4 Kg6 108. Qf5+ Kh6 109. Qc8 Kh7 110. Kf5 Kh6
111. Qg8 Bg6+ 112. Kf4 Bh5 113. Qa8 Kh7 114. Qa5 Kg6 115. Qd5 Bh6+ 116. Ke4 Bg7
117. Qd2 Kh7 118. Kf5 Bh6 119. Qf2 Bg7 120. Qc5 Kh6 121. Kf4 Kg6 122. Qc2+ Kh6
123. Qd2 Kg6 124. Qd3+ Kh6 125. Qf5 Bg6 126. Qg4 Bh5 127. Qg3 Bg6 128. Kg4 Bh5+
129. Kh3 Kh7 130. Qf4 Kg6 131. Kg3 Kh7 132. Qf5+ Kh6 133. Kf4 Bg6 134. Qg4 Bh5
135. Qc8 Bg6 136. Kf3 Bh5+ 137. Kg3 Bg6 138. Qc5 Bh5 139. Qd5 Kg6 140. Qd3+ Kh6
141. Kf4 Bg6 142. Qh3 Bh5 143. Qh1 Bg6 144. h5 Bxh5 145. Kf5 Bh8 146. Qh2 Bg7
147. Qh3 Bh8 148. Qh1 Bg7 149. Kf4 Bh8 150. Kg3 Kg6 151. Kh4 f5 152. Qa8 Bf6+
153. Kg3 Kg7 154. Kf4 Bg6 155. Qc6 Bb2 156. Kg5 Be5 157. Qd5 Bf6+ 158. Kf4 Bb2
159. Qg2 Bf6 160. Qh2 Bd4 161. Qh1 Bf6 162. Qd1 Bb2 163. Qd6 Bf6 164. Qb6 Bc3
165. Ke3 Be5 166. Qb5 Bf6 1/2-1/2

[Event "World Rapid Women 2025"]
[Site "Doha QAT"]
[Date "2025.12.27"]
[Round "8.33"]
[White "Priyanka, Nutakki"]
[Black "Salimova, Nurgyul"]
[Result "0-1"]
[WhiteTitle "WGM"]
[BlackTitle "IM"]
[WhiteElo "2292"]
[BlackElo "2396"]
[WhiteFideId "25049615"]
[BlackFideId "2915138"]
[EventDate "2025.12.26"]

1. Nf3 d5 2. b3 c5 3. e3 a6 4. Bb2 Nc6 5. d4 Nf6 6. Nbd2 cxd4 7. exd4 Bf5 8. a3
e6 9. Be2 Bd6 10. O-O h6 11. c4 O-O 12. c5 Bc7 13. b4 g5 14. Nb3 Qb8 15. Re1 Ne4
16. g3 Bh3 17. Bd3 f5 18. Ne5 Nxe5 19. dxe5 g4 20. f4 gxf3 21. Qxf3 Bxe5 22.
Bxe5 Qxe5 23. Qh5 Bg4 24. Qg6+ Qg7 25. Qxe6+ Kh8 26. Bxe4 dxe4 27. Qc4 Rad8 28.
Rac1 Rd3 29. c6 Bh3 30. Re2 bxc6 31. Nc5 Bg4 32. Rf2 Rd4 33. Qb3 Qf6 34. Rcf1
Bh3 35. Re1 Re8 36. Qc3 Kh7 37. Nd7 Qd6 38. Rd2 Rxd2 39. Nf6+ Kg6 40. Nxe8 Qd4+
41. Qxd4 Rxd4 42. Kf2 Rd2+ 43. Re2 Rd7 44. Rc2 Kf7 45. Rxc6 Kxe8 46. Rxh6 Rd2+
47. Ke3 Rd3+ 48. Kf2 Bg4 49. h3 e3+ 50. Kg2 Rd2+ 51. Kg1 Rd1+ 52. Kg2 e2 53.
Re6+ Kf7 0-1

[Event "World Rapid Women 2025"]
[Site "Doha QAT"]
[Date "2025.12.27"]
[Round "8.34"]
[White "Zhu, Chen"]
[Black "Mkrtchyan, Mariam"]
[Result "1/2-1/2"]
[WhiteTitle "GM"]
[BlackTitle "WIM"]
[WhiteElo "2423"]
[BlackElo "2353"]
[WhiteFideId "8600546"]
[BlackFideId "13310828"]
[EventDate "2025.12.26"]

1. c4 c6 2. d4 d5 3. Nf3 Nf6 4. e3 g6 5. Nc3 Bg7 6. Bd3 O-O 7. h3 b6 8. O-O Ba6
9. Ne5 e6 10. b3 Nfd7 11. Ba3 Re8 12. Nxd7 Nxd7 13. cxd5 Bxd3 14. Qxd3 exd5 15.
Rac1 Nf6 16. Rc2 Qd7 17. Rfc1 Rac8 18. Qd1 h5 19. Qf3 Re6 20. Ne2 Bh6 21. Nf4
Bxf4 22. Qxf4 Rce8 23. Qh6 Ne4 24. Bb4 Rc8 25. a4 a5 26. Ba3 Nd6 27. Bxd6 Qxd6
28. Qg5 Kg7 29. Rc3 Re4 30. f4 c5 31. f5 Rc6 32. f6+ Qxf6 33. Qxd5 Qe6 34. Qg5
Qf6 35. Qxf6+ Rxf6 36. dxc5 bxc5 37. Rd3 Rf5 38. Rc4 Rfe5 39. Rxe4 Rxe4 40. Rc3
Re5 41. Kf2 Kf6 42. Ke2 Ke6 43. Kd3 Kd5 44. Rc2 h4 45. Rc4 Rg5 46. Rxh4 Rxg2 47.
Rh7 Rf2 48. h4 Rb2 49. e4+ Kc6 50. Kc3 Rf2 51. h5 gxh5 52. Rxh5 Rf4 53. Rh6+ Kc7
54. Kd3 f6 55. Rh8 Kd6 56. Rd8+ Kc6 57. Ra8 Kb6 58. Re8 Kc6 59. Re6+ Kc7 60. Ra6
f5 61. exf5 Rxf5 62. Kc4 Rf4+ 63. Kxc5 Rb4 64. Ra7+ Kb8 65. Rxa5 Rxb3 66. Kc6
Rc3+ 67. Kb6 Rh3 68. Rb5 Rh6+ 69. Ka5+ Ka7 70. Rg5 Rh7 71. Kb5 Rb7+ 72. Ka5 Rh7
73. Rd5 Rg7 74. Rc5 Rh7 75. Kb5 Rb7+ 76. Ka5 1/2-1/2

[Event "World Rapid Women 2025"]
[Site "Doha QAT"]
[Date "2025.12.27"]
[Round "8.35"]
[White "Nandhidhaa, P V"]
[Black "Zhang, Lanlin"]
[Result "0-1"]
[WhiteTitle "WGM"]
[BlackTitle "WIM"]
[WhiteElo "2257"]
[BlackElo "2291"]
[WhiteFideId "5050847"]
[BlackFideId "8608032"]
[EventDate "2025.12.26"]

1. e4 e5 2. Nf3 Nc6 3. d4 exd4 4. Nxd4 Nf6 5. Nxc6 bxc6 6. Nd2 d5 7. exd5 cxd5
8. Bb5+ Bd7 9. Bxd7+ Qxd7 10. O-O Be7 11. b3 O-O 12. Bb2 h6 13. Qf3 c5 14. Rad1
Rad8 15. Rfe1 Rfe8 16. Nc4 Qb5 17. a4 Qc6 18. h3 Kf8 19. Ne3 Rd6 20. Nf5 Re6 21.
Qg3 g6 22. Nxh6 Ne4 23. Qf3 Bf6 24. Rf1 Kg7 25. Bc1 Nc3 26. Ng4 Nxd1 27. Qxd1
Bc3 28. Qd3 d4 29. Bh6+ Kg8 30. Bg5 f5 31. Nh2 Qe4 32. Qc4 Qxc2 33. Nf3 Qe2 34.
Qd5 Qe4 35. Qxc5 Qc6 36. Qxa7 d3 37. Nd4 Bxd4 38. Qxd4 Rd6 39. Qb4 Re4 40. Qb8+
Re8 41. Qb4 Qd5 42. Bf4 Rd7 43. Qb6 Re6 44. Qb8+ Rd8 45. Qc7 d2 46. Bh6 Qd7 0-1

[Event "World Rapid Women 2025"]
[Site "Doha QAT"]
[Date "2025.12.27"]
[Round "8.36"]
[White "Girya, Olga"]
[Black "Vo, Thi Kim Phung"]
[Result "1/2-1/2"]
[WhiteTitle "GM"]
[BlackTitle "WGM"]
[WhiteElo "2398"]
[BlackElo "2322"]
[WhiteFideId "4195752"]
[BlackFideId "12401838"]
[EventDate "2025.12.26"]

1. d4 Nf6 2. c4 e6 3. Nc3 d5 4. cxd5 exd5 5. Bg5 c6 6. e3 Be7 7. Bd3 Nbd7 8. Nf3
O-O 9. Qc2 Re8 10. O-O h6 11. Bf4 Nb6 12. h3 Bd6 13. Ne5 Nc4 14. Nxc4 Bxf4 15.
exf4 dxc4 16. Bxc4 Qxd4 17. Qb3 Rf8 18. Rad1 Qxf4 19. Bxf7+ Kh8 20. Rd3 Bf5 21.
Rf3 Qc7 22. Rxf5 Qxf7 23. Qxf7 Rxf7 24. Rd1 Re8 25. Ra5 a6 26. Ra4 Rd7 27. Rad4
Rxd4 28. Rxd4 Kg8 29. f3 Kf7 30. Kf2 c5 31. Rd2 Re7 32. h4 h5 33. Rd6 Re6 34.
Rd2 Rc6 35. Ke3 b5 36. Kf4 b4 37. Ne4 Nxe4 38. Kxe4 Ke6 39. g4 hxg4 40. fxg4 c4
41. Rc2 c3 42. bxc3 Rc4+ 43. Kd3 Rxg4 44. cxb4 Rxb4 45. Rc6+ Kd5 46. Rxa6 Rxh4 1/2-1/2

[Event "World Rapid Women 2025"]
[Site "Doha QAT"]
[Date "2025.12.27"]
[Round "8.37"]
[White "Francisco Guecamburu, Candela Be"]
[Black "Nomin-Erdene, Davaademberel"]
[Result "1-0"]
[WhiteTitle "WGM"]
[BlackTitle "IM"]
[WhiteElo "2238"]
[BlackElo "2312"]
[WhiteFideId "160911"]
[BlackFideId "4900782"]
[EventDate "2025.12.26"]

1. e4 e6 2. d4 d5 3. Nd2 Be7 4. Ngf3 Nf6 5. exd5 exd5 6. Bd3 O-O 7. O-O Bg4 8.
c3 Nbd7 9. Re1 c5 10. h3 Bh5 11. Nf1 Re8 12. Ng3 Bg6 13. Bxg6 hxg6 14. Bf4 Qb6
15. Re2 Bf8 16. dxc5 Nxc5 17. Be3 Qa6 18. Bd4 Nce4 19. Nxe4 Rxe4 20. Rxe4 dxe4
21. Nd2 Re8 22. Qf1 Qe6 23. Qc4 Qf5 24. Nf1 a6 25. Ne3 Qf4 26. Nd5 Qd6 27. Nxf6+
gxf6 28. a4 Bh6 29. Re1 Bd2 30. Re2 Bf4 31. Qc5 Qd7 32. b3 Rc8 33. Qb6 Rc6 34.
Qa7 Re6 35. Qc5 Bb8 36. a5 Rc6 37. Qb4 Re6 38. Qc4 Qd6 39. Qc8+ Kg7 40. g3 Bc7
41. Qxb7 Qe7 42. b4 g5 43. Qd5 Kg6 44. Kg2 f5 45. g4 f4 46. Qf5+ Kh6 47. Kf1 f3
48. Re1 f6 49. h4 Qd6 50. hxg5+ fxg5 51. Rxe4 Rxe4 52. Qxe4 Qf8 53. Qc6+ Bd6 54.
Bc5 Qf7 55. Qxd6+ Kh7 56. Qe7 1-0

[Event "World Rapid Women 2025"]
[Site "Doha QAT"]
[Date "2025.12.27"]
[Round "8.38"]
[White "Iudina, Veronika"]
[Black "Beydullayeva, Govhar"]
[Result "0-1"]
[WhiteTitle "WFM"]
[BlackTitle "WGM"]
[WhiteElo "2204"]
[BlackElo "2364"]
[WhiteFideId "24277916"]
[BlackFideId "13413015"]
[EventDate "2025.12.26"]

1. e4 c5 2. c3 Nf6 3. e5 Nd5 4. Bc4 Nb6 5. Bb3 c4 6. Bc2 d6 7. exd6 Qxd6 8. Nf3
Qe6+ 9. Qe2 Nc6 10. d4 cxd3 11. Bxd3 Qxe2+ 12. Bxe2 e5 13. Nbd2 Be6 14. Bb5 f6
15. O-O O-O-O 16. Re1 a6 17. Bxc6 bxc6 18. Ne4 Nd5 19. a3 Be7 20. Bd2 Nb6 21. b3
Bg4 22. Be3 Nd5 23. c4 Nxe3 24. Rxe3 Rd7 25. Ne1 Rhd8 26. f3 Bf5 27. Kf1 Bg6 28.
b4 f5 29. Nc5 Rd2 30. Nxa6 e4 31. b5 Bf7 32. Rc1 R8d4 33. Rec3 c5 34. Kg1 Re2
35. a4 Rdd2 36. fxe4 fxe4 37. Rg3 g6 38. Rg4 Be6 39. Rf4 Kb7 40. a5 Ra2 41. Rf6
Bxf6 42. Nxc5+ Kc8 43. Nxe6 Bc3 44. Kf1 Rf2+ 45. Kg1 Bxa5 46. c5 Bxe1 47. Rxe1
Rxg2+ 48. Kh1 Rxh2+ 49. Kg1 Rhg2+ 50. Kh1 Rh2+ 51. Kg1 Rag2+ 52. Kf1 Rh1+ 53.
Kxg2 Rxe1 54. Kf2 Rb1 55. b6 Rb3 56. Nd4 Rd3 57. Ne6 Kb7 58. Ke2 Kc6 59. Ng5
Kxc5 60. Nxe4+ Kd4 61. Ng5 Re3+ 62. Kf2 Rb3 63. Nxh7 Rxb6 64. Kg3 Ke5 65. Kg4
Ke6 66. Ng5+ Kf6 67. Ne4+ Kg7 68. Kg5 Rb5+ 69. Kf4 Kh6 70. Nd6 Rb4+ 71. Ke5 Kh5
72. Ne8 g5 73. Ng7+ Kh4 74. Nf5+ Kh3 0-1

[Event "World Rapid Women 2025"]
[Site "Doha QAT"]
[Date "2025.12.27"]
[Round "8.39"]
[White "Krasteva, Beloslava"]
[Black "Khafizova, Diana"]
[Result "0-1"]
[WhiteTitle "FM"]
[BlackTitle "WFM"]
[WhiteElo "2339"]
[BlackElo "2234"]
[WhiteFideId "2922029"]
[BlackFideId "34378049"]
[EventDate "2025.12.26"]

1. d4 Nf6 2. Nf3 d5 3. Bf4 e6 4. e3 Bd6 5. Ne5 O-O 6. Bd3 c5 7. c3 b6 8. h4 Ba6
9. h5 Bxd3 10. Qxd3 Qc7 11. h6 g6 12. Nd2 Nc6 13. Ndf3 Nd7 14. Nxd7 Qxd7 15.
Bxd6 Qxd6 16. O-O-O c4 17. Qd2 b5 18. e4 b4 19. e5 bxc3 20. Qxc3 Qe7 21. Ne1
Rfb8 22. f4 Rb5 23. g4 Rab8 24. Rh2 Nb4 25. Kb1 Ra5 26. Nc2 Nc6 27. f5 Rab5 28.
Na3 R5b6 29. fxg6 fxg6 30. Rf1 Nb4 31. Ka1 Nd3 32. Rb1 Qf8 33. Qa5 Qf4 34. Rc2
Qxd4 35. Qxa7 Qxe5 36. Re2 R6b7 37. Rxe5 Rxa7 38. Rxe6 Rba8 39. Re3 Nb4 40. Rc1
Nd3 41. Rf1 d4 42. Re4 c3 43. Nb5 Rxa2+ 0-1

[Event "World Rapid Women 2025"]
[Site "Doha QAT"]
[Date "2025.12.27"]
[Round "8.40"]
[White "Lyutsinger, Iren"]
[Black "Olde, Margareth"]
[Result "1-0"]
[WhiteTitle "FM"]
[BlackTitle "WIM"]
[WhiteElo "2169"]
[BlackElo "2214"]
[WhiteFideId "34425969"]
[BlackFideId "4503082"]
[EventDate "2025.12.26"]

1. e4 d6 2. d4 Nf6 3. Nc3 e5 4. Nf3 Nbd7 5. Rg1 g6 6. g4 exd4 7. Nxd4 Bg7 8. g5
Nxe4 9. Nxe4 Qe7 10. f3 d5 11. Nb5 Nb6 12. Bf4 Be5 13. Bxe5 Qxe5 14. Nxc7+ Qxc7
15. Qd4 Rf8 16. Nf6+ Kd8 17. O-O-O Be6 18. Nxh7 Rg8 19. Nf6 Rf8 20. Bd3 Rc8 21.
f4 Qd6 22. h4 Kc7 23. h5 gxh5 24. f5 Bd7 25. Nxh5 Kb8 26. Qf4 Nc4 27. Qxd6+ Nxd6
28. Nf6 Bc6 29. Nh7 Rg8 30. g6 fxg6 31. fxg6 Ne4 32. Bxe4 dxe4 33. g7 e3 34. Nf6
e2 35. Rde1 Bb5 36. Nxg8 Rxg8 37. b3 1-0

[Event "World Rapid Women 2025"]
[Site "Doha QAT"]
[Date "2025.12.27"]
[Round "8.41"]
[White "Wang, Chuqiao"]
[Black "Toncheva, Nadya"]
[Result "1/2-1/2"]
[WhiteTitle "WIM"]
[BlackTitle "FM"]
[WhiteElo "2235"]
[BlackElo "2362"]
[WhiteFideId "8631638"]
[BlackFideId "2924056"]
[EventDate "2025.12.26"]

1. d4 d5 2. c4 c6 3. Nf3 Nf6 4. e3 Bf5 5. Nc3 e6 6. Nh4 Be4 7. f3 Bg6 8. Qb3 Qc7
9. Bd2 Be7 10. Nxg6 hxg6 11. cxd5 cxd5 12. O-O-O Nc6 13. Kb1 O-O 14. g4 Na5 15.
Qc2 Nc4 16. h4 Rfc8 17. h5 g5 18. Bd3 b5 19. h6 b4 20. Na4 Qb7 21. Bxc4 dxc4 22.
hxg7 b3 23. axb3 cxb3 24. Qd3 Kxg7 25. e4 Qc6 26. Nc3 Qc4 27. Bxg5 Qxd3+ 28.
Rxd3 a5 29. e5 Ng8 30. Bxe7 Nxe7 31. Na4 Rcb8 32. f4 Rb4 33. Nc5 a4 34. Rf1 Nc6
35. f5 Rxd4 36. fxe6 Rxd3 37. Rxf7+ Kg8 38. Nxd3 Rd8 39. Rd7 Rf8 40. Kc1 Re8 41.
Rd6 Nd8 42. Nc5 Kf8 43. Ra6 Re7 44. Kd2 Rc7 45. Nxa4 Ke7 46. Nc3 Rc5 47. Rb6
Rxe5 48. Rxb3 Nxe6 49. Rb5 Nc5 50. b4 Ne4+ 51. Ke3 Rxb5 52. Nxb5 Nf6 53. Kd4
Nxg4 54. Nc3 Kd6 55. b5 Nf6 56. Kc4 Kc7 57. Na4 Nd7 58. Kb4 Nb6 59. Nc5 Nd5+ 60.
Ka5 Kb8 61. Ne6 Nc3 62. b6 Nd5 63. Ka6 Nxb6 64. Kxb6 1/2-1/2

[Event "World Rapid Women 2025"]
[Site "Doha QAT"]
[Date "2025.12.27"]
[Round "8.42"]
[White "Bulmaga, Irina"]
[Black "Yakimova, Mariya"]
[Result "1/2-1/2"]
[WhiteTitle "IM"]
[BlackTitle "WFM"]
[WhiteElo "2389"]
[BlackElo "2241"]
[WhiteFideId "13903063"]
[BlackFideId "34188859"]
[EventDate "2025.12.26"]

1. e4 c5 2. Nf3 d6 3. d4 cxd4 4. Nxd4 Nf6 5. Nc3 Nc6 6. Bc4 e6 7. Be3 a6 8. Qe2
Bd7 9. O-O-O b5 10. Bd3 b4 11. Nb1 Qa5 12. Bc4 Nxe4 13. Bf4 d5 14. Nb3 Qxa2 15.
Rxd5 exd5 16. Bxd5 f5 17. f3 g5 18. fxe4 gxf4 19. Nc5 f3 20. Qd2 Qa5 21. Bf7+
Kxf7 22. Qxd7+ Ne7 23. Qe6+ Kg7 24. Qe5+ Kg6 25. Qe6+ Kh5 26. g4+ fxg4 27. Qe5+
Kg6 28. Qe6+ Kh5 29. Qe5+ Kh6 30. Qf4+ Kg7 31. Qe5+ Kg8 32. Qe6+ Kg7 33. Qe5+
Kf7 34. Qe6+ Ke8 35. Qd7+ Kf7 36. Qe6+ Kg7 37. Qe5+ Kg6 38. Qe6+ Kg7 39. Qe5+
Kf7 40. Qe6+ Kg7 1/2-1/2

[Event "World Rapid Women 2025"]
[Site "Doha QAT"]
[Date "2025.12.27"]
[Round "8.43"]
[White "Li, Xueyi"]
[Black "Dimitrijevic, Aleksandra"]
[Result "1-0"]
[WhiteTitle "WGM"]
[BlackTitle "WGM"]
[WhiteElo "2202"]
[BlackElo "2063"]
[WhiteFideId "8605912"]
[BlackFideId "929239"]
[EventDate "2025.12.26"]

1. d4 Nf6 2. c4 g6 3. g3 d5 4. cxd5 Nxd5 5. e4 Nb6 6. Bg2 Bg7 7. Ne2 O-O 8. O-O
a5 9. Nbc3 Na6 10. Bf4 c6 11. Rc1 Bg4 12. h3 Be6 13. d5 Bd7 14. Nd4 c5 15. Nf3
Nc4 16. b3 Nd6 17. e5 Nb5 18. Ne4 b6 19. a4 Na7 20. d6 Bc6 21. dxe7 Qxe7 22. Bg5
Qc7 23. Nf6+ Kh8 24. Qe2 Nb4 25. Rfd1 h6 26. Bf4 Qb7 27. Qe3 Bxf6 28. exf6 Rfe8
29. Be5 Kh7 30. Rc4 Rxe5 31. Nxe5 Bxg2 32. Rh4 h5 33. Ng4 1-0

[Event "World Rapid Women 2025"]
[Site "Doha QAT"]
[Date "2025.12.27"]
[Round "8.44"]
[White "Fataliyeva, Ulviyya"]
[Black "Sharma, Isha"]
[Result "0-1"]
[WhiteTitle "IM"]
[BlackTitle "WIM"]
[WhiteElo "2434"]
[BlackElo "2245"]
[WhiteFideId "13403052"]
[BlackFideId "35006665"]
[EventDate "2025.12.26"]

1. d4 Nf6 2. Nf3 e6 3. Bf4 d5 4. c3 c5 5. e3 Nc6 6. Nbd2 Qb6 7. Rb1 Be7 8. Bd3
O-O 9. Ne5 Re8 10. h4 cxd4 11. exd4 Qa5 12. h5 Nxe5 13. dxe5 Nd7 14. Rh3 f5 15.
exf6 Bxf6 16. Qc2 Nf8 17. Bd6 e5 18. Bxf8 e4 19. Be2 Rxf8 20. g4 Be5 21. Nxe4
dxe4 22. Bc4+ Kh8 23. Qxe4 Rf4 24. Qd5 Qxd5 25. Bxd5 Bxg4 26. Re3 Bc7 27. Bxb7
Raf8 28. f3 Bxh5 29. Ke2 Bb6 0-1